Elements Of Mechanical Engineering (Record no. 294064)

MARC details
000 -LEADER
fixed length control field 00397nam a2200157Ia 4500
008 - FIXED-LENGTH DATA ELEMENTS--GENERAL INFORMATION
fixed length control field 230718s9999 xx 000 0 und d
041 ## - LANGUAGE CODE
Language code of text/sound track or separate title eng
082 ## - DEWEY DECIMAL CLASSIFICATION NUMBER
Classification number 621
Item number CHA
100 ## - MAIN ENTRY--PERSONAL NAME
Personal name Chavan D.K.
245 ## - TITLE STATEMENT
Title Elements Of Mechanical Engineering
260 ## - PUBLICATION, DISTRIBUTION, ETC. (IMPRINT)
Date of publication, distribution, etc. 1993
Name of publisher, distributor, etc. Shree Publication
300 ## - PHYSICAL DESCRIPTION
Extent 284
365 ## - TRADE PRICE
Currency code Rs.
Price amount 85.00
700 ## - ADDED ENTRY--PERSONAL NAME
Personal name Chavan D.K.
906 ## - LOCAL DATA ELEMENT F, LDF (RLIN)
d B:15425-Aug-1995
c ALLIED
b 12.75
Holdings
Withdrawn status Lost status Damaged status Not for loan Home library Current library Date acquired Vendor Budget Code Cost, normal purchase price Bill number Full call number Barcode Date last seen Discount Cost, replacement price Bill Date Koha item type Original Barcode
Withdrawn       Cummins College of Engineering for Women Pune Cummins College of Engineering for Women Pune 12/09/1995 Pradeep Book Distributors ALLIED 72.25 154 621 CCEP-BK-5269 18/07/2023 12.75 85.00 25/08/1995 Books 005269